The Dark Knight Trilogy Cast - Sudden Death - Statistics

General Stats
  • This quiz has been taken 281 times
  • The average score is 11 of 19
Answers on the Grid
Answers color-coded by a green-red scale on the quiz's grid according to % correct below.
Christian Bale
Robert De Niro
Gary Oldman
Morgan Freeman
Salma Hayek
Anne Hathaway
Liam Neeson
Tom Wilkinson
Michael Caine
Mahershala Ali
Frank Grillo
Marion Cotillard
Tom Hardy
Jude Law
Maggie Gyllenhaal
Scott Adkins
Timothy Olyphant
Tilda Swinton
Joseph Gordon-Levitt
Michael Jai White
Rutger Hauer
Simon Pegg
Matthew Modine
Michelle Pfeiffer
Sandra Bullock
Katie Holmes
Richard Brake
Eric Roberts
Zazie Beetz
Paul Dano
Jeffrey Wright
Zoë Kravitz
Cillian Murphy
Aaron Eckhart
 
Answer Stats
Answer % Correct
Christian Bale
100%
Morgan Freeman
88%
Anne Hathaway
82%
Michael Caine
80%
Tom Hardy
80%
Gary Oldman
79%
Liam Neeson
76%
Cillian Murphy
68%
Joseph Gordon-Levitt
67%
Maggie Gyllenhaal
65%
Katie Holmes
50%
Aaron Eckhart
48%
Marion Cotillard
45%
Tom Wilkinson
29%
Eric Roberts
26%
Michael Jai White
24%
Rutger Hauer
20%
Matthew Modine
19%
Richard Brake
10%
No matching quizzes found
Score Distribution
Percent of People with Each Score
Percentile by Number Answered
Your Score History
You have not taken this quiz